Landmarks in Pencil Grayscale - Statistics

General Stats
  • This quiz has been taken 33 times
  • The average score is 10 of 12
Answer Stats
Picture Answer % Correct
Big Ben / Houses of Parliament
100%
Colosseum
100%
Statue of Liberty
96%
The Sphinx
96%
Leaning Tower of Pisa
93%
Mount Rushmore
93%
Taj Mahal
89%
Christ the Redeemer
82%
Parthenon
71%
St Basil's Cathedral
71%
Brandenburg Gate
64%
Blue Mosque
32%
No matching quizzes found
Score Distribution
Percent of People with Each Score
Percentile by Number Answered
Your Score History
You have not taken this quiz